MARC details
| 000 -CABECERA |
| campo de control de longitud fija |
02426nam a2200325 4500 |
| 003 - IDENTIFICADOR DEL NÚMERO DE CONTROL |
| campo de control |
EC-UNACH |
| 005 - FECHA Y HORA DE LA ÚLTIMA TRANSACCIÓN |
| campo de control |
20260323165208.0 |
| 006 - CÓDIGOS DE INFORMACIÓN DE LONGITUD FIJA--CARACTERÍSTICAS DEL MATERIAL ADICIONAL |
| campo de control de longitud fija |
s||||gr|||| 00| 00 |
| 008 - DATOS DE LONGITUD FIJA--INFORMACIÓN GENERAL |
| campo de control de longitud fija |
150116t9999 mx r gr 000 0 spa d |
| 020 ## - NÚMERO INTERNACIONAL ESTÁNDAR DEL LIBRO |
| Número Internacional Estándar del Libro |
978-9942-7031-7-0 |
| 040 ## - FUENTE DE LA CATALOGACIÓN |
| Centro catalogador/agencia de origen |
EC-UNACH |
| Centro/agencia transcriptor |
EC-UNACH |
| 041 ## - CÓDIGO DE LENGUA |
| Código de lengua del texto/banda sonora o título independiente |
spa |
| 082 04 - NÚMERO DE LA CLASIFICACIÓN DECIMAL DEWEY |
| Número de edición |
23 |
| Número de clasificación |
371 |
| Número de documento/Ítem |
L015105 |
| 100 ## - ENTRADA PRINCIPAL--NOMBRE DE PERSONA |
| Nombre de persona |
Carrillo Cando, Luis Edison |
| 245 ## - MENCIÓN DE TÍTULO |
| Título |
Didáctica de química: Aprenda fácil |
| 250 ## - MENCIÓN DE EDICIÓN |
| Mención de edición |
Primera edición |
| 264 ## - Producción, publicación, distribución, fabricación y copyright |
| Lugar de producción, publicación, distribución, fabricación |
Riobamba - Ecuador |
| Nombre del de productor, editor, distribuidor, fabricante |
Universidad Nacional de Chimborazo |
| Fecha de de producción, publicación, distribución, fabricación o copyright |
2022 |
| 264 ## - Producción, publicación, distribución, fabricación y copyright |
| Nombre del de productor, editor, distribuidor, fabricante |
Producción UNACH |
| 300 ## - DESCRIPCIÓN FÍSICA |
| Extensión |
288 páginas |
| Otras características físicas |
Gráficos, tablas |
| 500 ## - NOTA GENERAL |
| Nota general |
El auge de la tecnología genera cambios en los procesos de enseñanza y aprendizaje de los educandos de la Licenciatura de la Pedagogía de Química y Biología, carrera Ciencias Experimentales, de la Facultad de Ciencias de la Educación de la Universidad Nacional de Chimborazo. Por tal razón, se hace necesaria la aplicación de metodologías constructivistas, que, junto con las herramientas tecnológicas, se interrelacionen para innovar los métodos, estrategias y técnicas didácticas, que faciliten llegar al conocimiento.<br/><br/>El perfil del futuro docente, en una sociedad tecnológica, cambiante, democrática, debe orientarse a ser un profesional con deseos constantes de aprender a aprender, a incursionar en los cambios para compartir, con pasión, sus experiencias didácticas, estimulando a sus estudiantes a fortalecer sus competencias científicas.<br/><br/>Los aportes que se emiten en esta obra se encaminan a contribuir al educador, a la incursión de un currículo que ponga énfasis en lo afectivo, ético e intelectual, junto con su desenvolvimiento académico. |
| 501 ## - NOTA DE "CON" |
| Nota de “Con” |
Incluye índice general, índice de tablas, índice de figuras |
| 505 ## - NOTA DE CONTENIDO CON FORMATO |
| Nota de contenido con formato |
Metodología para la formación didáctica.-- Química general: del aula a la vida.-- Explorando el mundo de la materia ínfima: el átomo.-- Escribiendo y nombrando compuestos químicos inorgánicos.-- Enlazando elementos para generar compuestos. |
| 650 ## - PUNTO DE ACCESO ADICIONAL DE MATERIA--TÉRMINO DE MATERIA |
| Término de materia o nombre geográfico como elemento inicial |
Compuestos químicos orgánicos |
| 650 ## - PUNTO DE ACCESO ADICIONAL DE MATERIA--TÉRMINO DE MATERIA |
| Término de materia o nombre geográfico como elemento inicial |
Geometría atómica |
| 856 ## - LOCALIZACIÓN Y ACCESO ELECTRÓNICOS |
| Identificador Uniforme del Recurso |
<a href="https://editorial.unach.edu.ec/index.php/Editorial/catalog/book/144">https://editorial.unach.edu.ec/index.php/Editorial/catalog/book/144</a> |
| Texto de enlace |
Libro digital - Didáctica de química: Aprenda fácil |
| 942 ## - ELEMENTOS DE PUNTO DE ACCESO ADICIONAL (KOHA) |
| Fuente del sistema de clasificación o colocación |
Clasificación Decimal Dewey |
| Tipo de ítem Koha |
Libro electrónico |
| 999 ## - NÚMEROS DE CONTROL DE SISTEMA (KOHA) |
| Koha biblionumber |
11622 |